|
|
|
|
| LEADER |
00000cam a2200000 a 4500 |
| 001 |
vtls010527841 |
| 003 |
SK-MaSNL |
| 005 |
20260301214703.0 |
| 008 |
240315s2013 xr oac g e 001 0 cze |
| 020 |
|
|
|a 9788073914820
|q (brož.)
|
| 040 |
|
|
|a SNK
|b slo
|c SNK
|e AACR2
|
| 041 |
1 |
|
|a cze
|h eng
|
| 044 |
|
|
|a xr
|c CZ
|
| 072 |
|
7 |
|a 72/76
|x Výtvarné umenie
|2 konspekt
|
| 080 |
|
|
|a 72/76.02
|2 2001
|
| 080 |
|
|
|a 72/76.023
|2 2001
|
| 080 |
|
|
|a (031)
|2 2001
|
| 100 |
1 |
|
|a Smith, Ray,
|d 1949-
|4 aut
|9 87226
|
| 240 |
1 |
0 |
|a Artist's handbook
|l Česky
|
| 245 |
1 |
0 |
|a Encyklopedie výtvarných technik a materiálů
|c Ray Smith ; [z anglického originálu přeložili Petr Chmelař ... [et al.]]
|
| 250 |
|
|
|a 3. upr. vyd.
|
| 260 |
|
|
|a [Praha]
|b Slovart
|c 2013
|
| 300 |
|
|
|a 384 s.
|b ilustr. (prevažne fareb.)
|c 25 cm
|
| 650 |
0 |
7 |
|a výtvarné techniky
|2 SNKPH
|9 68040
|
| 650 |
0 |
7 |
|a výtvarné materiály
|2 SNKPH
|9 68039
|
| 650 |
0 |
7 |
|a Artistic techniques
|2 SNKPHeng
|9 319392
|
| 650 |
0 |
7 |
|a Artistic materials
|2 SNKPHeng
|9 369666
|
| 655 |
|
7 |
|a encyklopédie
|2 SNKPH
|9 28776
|
| 655 |
|
7 |
|a Encyclopedias
|2 SNKPHeng
|9 90422
|
| 700 |
1 |
|
|a Chmelař, Petr
|4 trl
|9 595262
|
| 919 |
|
|
|a 978-80-7391-482-0
|
| 999 |
|
|
|c 925614
|d 927544
|
| 952 |
|
|
|t snkSMI 72/76(031)
|a SNKUST
|b SNKUST
|y PREZ
|7 0
|p 17A1029120
|o snkIC 141189
|i snk2014/9529
|8 3
|g 18.85
|0 0
|1 0
|4 0
|d 2014-04-15
|l 0
|r 2025-03-20 00:00:00
|w 2026-02-24
|